000 003870000a22001570004500
003 MACL
005 20160106155400.0
008 160106b xxu||||| |||| 00| 0 eng d
040 _aMACL
_cEnglish
082 _a823/DAV
100 _aDevenport, Marcia
_928862
245 _aMy Brother's Keeper
260 _bCollins
_c1954
_aLondon
650 _aFiction
_928863
942 _cBK
_k823/DAV
_2ddc
999 _c34655
_d34655